| 000 | 01178nam a2200289 i 4500 | ||
|---|---|---|---|
| 001 | bg | ||
| 003 | KOSZ 005 | ||
| 005 | 20220901083103.0 | ||
| 008 | 990506s1967 pl a g 000 0 pol | ||
| 015 | _aPB 1967/5400 | ||
| 040 |
_aWA N _cKOSZ 005/RW _dKOSZ 005/RW |
||
| 080 | _a913(100) | ||
| 245 | 0 | 0 |
_aGeografia powszechna. _nT. 4, _pZwiązek Socjalistycznych Republik Radzieckich, Azja, Afryka / _cprzewodniczący kom. red. August Zierhoffer ; red. kartogr. Franciszek Uhorczak, Lech Ratajski. |
| 260 |
_aWarszawa : _bPaństwowe Wydawnictwo Naukowe, _c1967. |
||
| 300 |
_a665, [7] s., [16] k. tabl. : _bil. ; _c30 cm. |
||
| 380 | _aKsiążki. | ||
| 504 | _aBibliogr. przy rozdz. | ||
| 651 | 4 |
_aAfryka _xgeografia. |
|
| 651 | 4 |
_aAzja _xgeografia. |
|
| 651 | 4 |
_aZSRR _xgeografia. |
|
| 710 | 2 |
_aPaństwowe Wydawnictwo Naukowe _4pbl. |
|
| 700 | 1 |
_aZierhoffer, August _d(1893-1969) _eRedakcja |
|
| 700 | 1 |
_aUhorczak, Franciszek _d(1902-1981) _eRedakcja |
|
| 700 | 1 |
_aRatajski, Lech _d(1921-1977) _eRedakcja |
|
| 856 |
_uhttp://koha.tu.koszalin.pl/cgi-bin/koha/opac-detail.pl?biblionumber=11010 _yKatalog online BPK |
||
| 942 |
_2UKD _cKS |
||
| 999 |
_c11010 _d11010 |
||